Internationale Ausstellung in Barcelona : september 1887 - April 1888 ... allgemeines reglement september 1887 - April 1888 ... allgemeines reglement
Descripción Física:
1 díptic ; 27 cm
MARC
| LEADER | 00000nam a2200000Ia 4500 | ||
|---|---|---|---|
| 001 | 16189 | ||
| 008 | 160829s9999 xx 000 0 cat d | ||
| 080 | |a RF-13-23 | ||
| 100 | |a Exposició Universal de Barcelona (1888) | ||
| 245 | |a Internationale Ausstellung in Barcelona : |b september 1887 - April 1888 ... allgemeines reglement | ||
| 260 | |a Barcelona : |b Druckerei 'La Academia', [1887?] | ||
| 300 | |a 1 díptic ; |c 27 cm | ||
| 590 | |a Abans del títol: Königreich Spanien. | ||
| 590 | |a Prové de 1403, exp. 2. | ||
| 590 | |a Un altre exemplar en castellà amb R. 16187 i un en anglès amb R. 16188 | ||
| 611 | 2 | 0 | |a Exposició Universal de Barcelona |d (1887-1888 : |c Barcelona, Catalunya) |x Estatuts |9 55062 |
| 856 | 4 | |u https://media.diba.cat/diba/fitxers/arxiu/fulletons/bib_16189_1887_baixa.pdf |y Accés lliure | |
| 856 | 4 | |u https://media.diba.cat/diba/fitxers/arxiu/fulletons/bib_16189_1887_baixa.pdf |y Accés lliure | |
| 901 | |a Arxiu | ||
| 942 | |n 1 |2 udc | ||
| 952 | |0 0 |1 0 |4 0 |6 RF1323 |7 1 |9 53551 |a Arxiu |b Arxiu |d 2016-12-01 |l 0 |o RF-13-23 |p 16189 |r 2016-12-01 00:00:00 |w 2016-12-01 |y ARXIU | ||
| 999 | |c 57417 |d 57417 | ||
| 900 | |a bib_16189_1887_baixa.pdf | ||